[Event "Rohde op 10th"]
[Site "Sautron"]
[Date "2010.10.28"]
[Round "7"]
[White "De Hargues, Remi"]
[Black "Quinn, Ciaran"]
[Result "0-1"]
[WhiteElo "1634"]
[BlackElo "2130"]
[PlyCount "54"]
[EventDate "2010.10.23"]
[EventType "swiss"]
[EventRounds "9"]
[EventCountry "FRA"]
[SourceTitle "EXT 2012"]
[Source "ChessBase"]
[SourceDate "2011.11.24"]
[SourceVersion "1"]
[SourceVersionDate "2011.11.24"]
[SourceQuality "1"]

1. e4 e5 2. Nf3 Nc6 3. d4 exd4 4. Nxd4 Nf6 5. Nxc6 bxc6 6. e5 Qe7 7. Qe2 Nd5 8. c4 Nb6 9. b3 a5 10. Bb2 a4 11. f4 axb3 12. axb3 Qb4+ 13. Nd2 Rxa1+ 14. Bxa1 Qa3 15. Qd1 Bb4 16. Bd3 Qa5 17. Ke2 d5 18. Nf3 dxc4 19. bxc4 Qa2+ 20. Qc2 Qxc2+ 21. Bxc2 Ba6 22. Bd3 Bxc4 23. Bxc4 Nxc4 24. Rc1 Na5 25. Bd4 0-0 26. Bc5 Nb3 27. Bxb4 Nxc1+ 0-1